Diseño de las estructuras de pavimento con adoquín, tramo las Sabanas San José de Cusmapa, longitud 11.29 Km, departamento de Madriz

Presenta el diseño de las estructuras de pavimento con adoquín, tramo las Sabanas San José de Cusmapa, longitud 11.29 Km, departamento de Madriz en el cual se realizó un estudio de tráfico con el objetivo de mostrar los tipos de vehículos que circulan por el tramo, determinación de las cargas...

Full description

Bibliographic Details
Main Authors: Díaz, Mario Alexis, Martínez Huete, Karen Julissa
Other Authors: Tutor: Bustamante Arteaga, José Fernando
Format: Tesis Section = Libro
Language:Undetermined
Spanish
Published: Managua UNI/RUACS 2015
Subjects:
LEADER 01429nam a2200289Ia 4500
008 240830s9999 xx 000 0 und d
040 |a BIBLIOTECA-RUPAP T.Mon 625.8 D542 
041 |a spa 
082 |a T.Mon 625.8 D542 
100 1 |a Díaz, Mario Alexis 
100 1 |b Martínez Huete, Karen Julissa 
245 1 0 |a Diseño de las estructuras de pavimento con adoquín, tramo las Sabanas San José de Cusmapa, longitud 11.29 Km, departamento de Madriz 
260 |a Managua  |b UNI/RUACS  |c 2015 
300 |a 46 p. :il. 
500 |a Contiene: anexos e Incluye: CD. 
502 |a Tesis (Ingeniero Civil)- UNI, 2015. 
520 3 |a Presenta el diseño de las estructuras de pavimento con adoquín, tramo las Sabanas San José de Cusmapa, longitud 11.29 Km, departamento de Madriz en el cual se realizó un estudio de tráfico con el objetivo de mostrar los tipos de vehículos que circulan por el tramo, determinación de las cargas que actuaran sobre la estructura, se elaboró un análisis de las características del suelo y los bancos de materiales para su adecuada utilización en el pavimento. 
650 7 |a PAVIMENTOS 
650 7 |b PAVIMENTOS DE ADOQUIN 
650 7 |c PAVIMENTOS – CARRETERAS 
650 7 |d ESTUDIO DE TRANSITO 
650 7 |e ESTUDIO DE SUELOS 
650 7 |f DISEÑO DE PAVIMENTOS 
700 1 |a Tutor:  |b Bustamante Arteaga, José Fernando 
942 |c BK  |2 ddc 
991 |a TESIS 
999 |c 18209